<?xml version="1.0" encoding="UTF-8"?>
<record
    xmlns:xsi="http://www.w3.org/2001/XMLSchema-instance"
    xsi:schemaLocation="http://www.loc.gov/MARC21/slim http://www.loc.gov/standards/marcxml/schema/MARC21slim.xsd"
    xmlns="http://www.loc.gov/MARC21/slim">

  <leader>00508nam a22001697a 4500</leader>
  <controlfield tag="005">20160609170744.0</controlfield>
  <controlfield tag="008">110810t        xxu||||| |||| 00| 0 eng d</controlfield>
  <datafield tag="040" ind1=" " ind2=" ">
    <subfield code="a">BUAC</subfield>
    <subfield code="b">Fre</subfield>
    <subfield code="c">BUC</subfield>
  </datafield>
  <datafield tag="041" ind1=" " ind2=" ">
    <subfield code="a">Fre</subfield>
  </datafield>
  <datafield tag="245" ind1=" " ind2=" ">
    <subfield code="a">Textes fondamentaux du notariat b&#xE9;ninois</subfield>
    <subfield code="c"> /R&#xE9;publique du B&#xE9;nin</subfield>
  </datafield>
  <datafield tag="260" ind1=" " ind2=" ">
    <subfield code="a">Cotonou</subfield>
    <subfield code="b">Ed  Sokemi</subfield>
    <subfield code="c">2007</subfield>
  </datafield>
  <datafield tag="300" ind1=" " ind2=" ">
    <subfield code="a">124p.</subfield>
    <subfield code="c">21cm</subfield>
  </datafield>
  <datafield tag="504" ind1=" " ind2=" ">
    <subfield code="a">Comprend : Annexes  117-145p</subfield>
  </datafield>
  <datafield tag="630" ind1=" " ind2=" ">
    <subfield code="a">SCIENCES SOCIALES</subfield>
    <subfield code="9">18099</subfield>
  </datafield>
  <datafield tag="650" ind1=" " ind2=" ">
    <subfield code="a">Notariat : l&#xE9;gislation : B&#xE9;nin </subfield>
    <subfield code="9">18100</subfield>
  </datafield>
  <datafield tag="942" ind1=" " ind2=" ">
    <subfield code="c">LIVR</subfield>
  </datafield>
  <datafield tag="999" ind1=" " ind2=" ">
    <subfield code="c">49583</subfield>
    <subfield code="d">49583</subfield>
  </datafield>
  <datafield tag="952" ind1=" " ind2=" ">
    <subfield code="0">0</subfield>
    <subfield code="1">0</subfield>
    <subfield code="4">0</subfield>
    <subfield code="7">0</subfield>
    <subfield code="a">BUAC</subfield>
    <subfield code="b">BUAC</subfield>
    <subfield code="d">0000-00-00</subfield>
    <subfield code="e">Achat</subfield>
    <subfield code="l">0</subfield>
    <subfield code="o">347.961(668)TEX</subfield>
    <subfield code="p">10-070Buc</subfield>
    <subfield code="r">2011-08-11 00:00:00</subfield>
    <subfield code="t">1</subfield>
    <subfield code="w">2011-08-11</subfield>
    <subfield code="y">LIVR</subfield>
  </datafield>
  <datafield tag="952" ind1=" " ind2=" ">
    <subfield code="0">0</subfield>
    <subfield code="1">0</subfield>
    <subfield code="4">0</subfield>
    <subfield code="7">0</subfield>
    <subfield code="a">BUAC</subfield>
    <subfield code="b">BUAC</subfield>
    <subfield code="d">0000-00-00</subfield>
    <subfield code="e">Achat</subfield>
    <subfield code="l">0</subfield>
    <subfield code="o">347.961(668)TEX</subfield>
    <subfield code="p">10-071Buc</subfield>
    <subfield code="r">2011-08-11 00:00:00</subfield>
    <subfield code="t">2</subfield>
    <subfield code="w">2011-08-11</subfield>
    <subfield code="y">LIVR</subfield>
  </datafield>
</record>
